LIBRARY & INFORMATION CENTRE, KCAET, TAVANUR

ONLINE PUBLIC ACCESS CATALOGUE (OPAC)

Deshabandhu Das (Record no. 4112)

MARC details
000 -LEADER
fixed length control field 00254cam a2200109ua 4500
082 ## - DEWEY DECIMAL CLASSIFICATION NUMBER
Classification number 923.2
Item number SAN/DE
100 ## - MAIN ENTRY--AUTHOR NAME
Personal name Sankaran, Morayath .
245 ## - TITLE STATEMENT
Title Deshabandhu Das
260 ## - PUBLICATION, DISTRIBUTION, ETC. (IMPRINT)
Place of publication Calicut :
Name of publisher P.K Brothers ,
Year of publication 1964.
300 ## - PHYSICAL DESCRIPTION
Number of Pages 152 ; .
942 ## - ADDED ENTRY ELEMENTS (KOHA)
Koha item type Books
Holdings
Withdrawn status Lost status Damaged status Home library Current library Date acquired Full call number Accession Number Koha item type Public note
Withdrawn     KAUAET Sanskrit University 07/04/2012 923.2 9007 Books Transferred to Sanskrit University
free website counter